| 000 | 01719ngm a22004210a 4500 | ||
|---|---|---|---|
| 001 | PT38358 | ||
| 003 | AR-LpoUNG | ||
| 005 | 20210202000519.0 | ||
| 007 | vd cvaizq | ||
| 008 | 191001s2002||||ag |||||||||||||||||spa d | ||
| 037 | _c$3.35 | ||
| 040 |
_aAR-LpoUNG _bspa _cAR-LpoUNG _eaacr |
||
| 041 | _aspa | ||
| 044 | _aag | ||
| 082 | 0 | _a927 215hor | |
| 100 | 1 |
_aCancio, José Luis _edir. |
|
| 245 | 1 | 0 |
_aHora cero : _bun documental sobre Héctor Germán Oesterheld |
| 260 |
_aBuenos Aires : _bMiradas al Sur, _c2002. |
||
| 300 | _aDVD (56 min.) : son., col. | ||
| 505 | 0 | _aFotografía: Jonathan Feldman. - Edición: J. Feldman y J. L. Cancio. - Sonido: Sebastián Zóttola. - Música: Bajo Fondo Tango Club. - Asistente de dirección: Martino Zaidelis. - Producción: Viviana Vexlir. - Testimonios: Solano López, Juan Sasturain, Zoppi, Elsa Osterheld, Tomás Oesterheld. | |
| 520 | _aUn documental sobre el guionista de cómics Argentino Héctor Germán Oesterheld, autor de El Eternauta, padre de familia, geólogo y militante Montonero. ¿Quién era él en realidad?... ¿Cómo pudo abarcar tantas facetas diferentes, a veces tan opuestas, a lo largo de toda su vida?. La idea de HORA CERO es trazar un paralelismo entre sus cómics y su vida. Entre sus personajes, sus historias y él mismo. | ||
| 650 | 4 | _aARGENTINA | |
| 650 | 4 | _aBIOGRAFIAS | |
| 650 | 4 | _aCULTURA | |
| 650 | 4 | _aDICTADURA | |
| 650 | 4 | _aGOBIERNO MILITAR | |
| 650 | 4 | _aHISTORIA | |
| 651 | 4 | _aArgentina | |
| 653 | _aCARICATURAS | ||
| 653 | _aCINE ARGENTINO | ||
| 653 | _aDOCUMENTALES | ||
| 653 | _aETERNAUTA | ||
| 653 | _aHISTORIETAS | ||
| 653 | _aMONTONEROS | ||
| 653 | _aVIDEOS | ||
| 905 | _a38358 | ||
| 942 | _cDVD | ||
| 999 |
_c55011 _d55011 |
||